000
00312nam a22001097a 4500
008
160613b xxu||||| |||| 00| 0 eng d
020
_a
9781449651770
041
_a
eng
080
_a
618.2
245
_a
Community health nursing / An alliance for health:
_c
Stephen Paul Holzemer; Marilyn Klainberg;
942
_2
udc
_c
BK
999
_c
2474
_d
2474